Normal view
MARC view
Entry Personal Name
001 - CONTROL NUMBER
- control field: 86230
003 - CONTROL NUMBER IDENTIFIER
- control field: dpl
005 - DATE AND TIME OF LATEST TRANSACTION
- control field: 20260108120321.0
008 - FIXED-LENGTH DATA ELEMENTS
- fixed length control field: 260108|| aca||aabn | a|a d
040 ## - CATALOGING SOURCE
- Original cataloging agency: dpl
- Transcribing agency: dpl
100 ## - HEADING--PERSONAL NAME
- Personal name: प्रभात कुमार
670 ## - SOURCE DATA FOUND
- Source citation: Work cat.: (dpl)214028: प्रभात कुमार, वस्तुनिष्ट हिंदी उपन्यास/, 2023
